| Поле | Название | Значение |
| |
Тип записи |
a |
| |
Библиографический уровень |
m |
| 001 |
Контрольный номер |
RU/SLIB/B/208728413 |
| 005 |
Дата корректировки |
20240116125024.7 |
| 010 |
Индекс ISBN |
__ |
| d |
Цена |
0-85 |
| 100 |
Данные общей обработки |
__ |
| a |
Данные общей обработки |
20230717d1988 m y0rusy028902 ca |
| 101 |
Язык документа |
0_ |
| a |
Язык текста |
rus |
| 102 |
Страна публикации |
__ |
| a |
Страна публикации |
RU |
| 105 |
Кодированные данные (монография) |
__ |
| a |
Кодированные данные (монография) |
y z 000zy |
| 181 |
Поле кодированных данных: вид содержания |
_0 |
| a |
Код вида содержания (ISBD) |
i |
| 182 |
Поле кодированных данных: тип средства |
_0 |
| a |
Код типа средства (ISBD) |
n |
| 200 |
Заглавие и сведения об ответственности |
1_ |
| a |
Заглавие |
Ветка Сакуры |
| f |
Первые сведения об ответственности |
В. В. Овчинников |
| b |
Общее обозначение материала |
Текст |
| e |
Сведения, относящиеся к заглавию |
рассказ о том, что за люди японцы |
| 205 |
Сведения об издании |
__ |
| a |
Основные сведения об издании |
4-е изд. |
| 210 |
Выходные данные |
1_ |
| a |
Место издания |
М. |
| c |
Издательство |
Молодая гвардия |
| d |
Дата издания |
1988 |
| 215 |
Физическое описание |
__ |
| a |
Объем |
222 с. |
| 330 |
Аннотация |
__ |
| a |
Аннотация |
Очерки журналиста - это рассказ о Японии, японцах, их образе жизни, особенностях духовного склада, национальном характере, традициях. Читатель узнает, какое место в жизни японцев занимает природа, каковы их эстетические вкусы, семейные обычаи, как живут и работают японские труженики. В книге рассказано и о социальных контрастах Японии, сложных проблемах страны. |
| 606 |
Тематические рубрики |
__ |
| a |
Основная рубрика |
История |
| y |
Географическая подрубрика |
Япония |
| 2 |
Код системы |
nlr_sh |
| 606 |
Тематические рубрики |
__ |
| a |
Основная рубрика |
Страны Азии с 1918 г. - |
| 2 |
Код системы |
nlr_sh |
| 606 |
Тематические рубрики |
__ |
| a |
Основная рубрика |
Художественная литература |
| 2 |
Код системы |
nlr_sh |
| 606 |
Тематические рубрики |
__ |
| a |
Основная рубрика |
Русская литература XX в. (произведения) |
| 2 |
Код системы |
nlr_sh |
| 610 |
Ключевые слова |
0_ |
| a |
Ключевые слова |
японцы; национальная психология; образ жизни; быт; очерки; историческая литература; народные традиции; быт |
| 686 |
Индексы других классификаций |
__ |
| a |
Классификационный индекс |
63.3(5Япо)6 |
| 2 |
Код системы |
rubbks |
| 686 |
Индексы других классификаций |
__ |
| a |
Классификационный индекс |
84(2Рос=Рус)6; ст63.3(5Япо)6+ст84(2Рос=Рус)6 |
| 2 |
Код системы |
rubbks |
| 700 |
Автор |
_1 |
| a |
Фамилия |
Овчинников |
| b |
Имя |
В. В. |
| 4 |
Код отношения |
070 |
| f |
Даты |
1926-2021 |
| g |
Полное личное имя |
Всеволод Владимирович |
| 801 |
Источник записи |
_0 |
| a |
Страна |
RU |
| b |
Организация |
Муниципальное бюджетное учреждение культуры "Централизованная библиотечная система" г. Сургут (Центральная городская библиотека им. А. С. Пушкина) |
| g |
Правила каталогизации |
PSBO |
| 801 |
Источник записи |
_1 |
| a |
Страна |
RU |
| b |
Организация |
Муниципальное бюджетное учреждение культуры "Централизованная библиотечная система" г. Сургут (Центральная городская библиотека им. А. С. Пушкина) |
| g |
Правила каталогизации |
PSBO |
| 852 |
Данные о местонахождении |
__ |
| j |
Шифр хранения |
63.3(5Япо)6 |
| c |
Каталожный индекс |
63.3(5Япо); 84(2Рос=Рус)6 |
| i |
Авторский знак |
О-35 |
| p |
Инвентарный номер |
32550 |
| 901 |
Тип документа |
__ |
| t |
Тип документа |
m |
| a |
Ответственный |
КиК/Елгина |
| 901 |
Тип документа |
__ |
| a |
Ответственный |
СКБР2024 |
| 903 |
Характеристики (МАРС) |
__ |
| c |
Наименование библиотеки (МАРС) |
Муниципальное бюджетное учреждение культуры "Централизованная библиотечная система" г. Сургут (Центральная городская библиотека им. А. С. Пушкина) |
| 990 |
Данные о заказе (DOS) |
__ |
| j |
Количество экземпляров (DOS) |
3 |